000 00480cam a22001934a 4500
005 20250605164153.0
008 250528s ||||||||||||||||||||||||d
035 _a19448
020 _a960286186X
040 _aGR-AtMCL
_bgre
_dGR-AtMCL
_eAACR2
245 1 _aΕΠΙΧΕΙΡΗΣΙΑΚΕΣ ΕΠΙΚΟΙΝΩΝΙΕΣ
250 _a10
260 _bΈλλην,
_c1999
300 _a452
700 1 _aHimstreet William
_91252
942 _cBK
999 _c4704
_d4704